000 01026cam a22002891 4500
001 4797
003 BD-RjUL
005 20211208233946.0
008 131223r1967 xx 001 0 eng
035 _a(BD-RjUL)4832
035 _a(OCoLC)764934
040 _aDLC
_cOAU
_dDLC
_dBD-RjUL
_beng
041 _aeng
082 _a364.4
_bMAC 1967
100 1 _aMannheim, Hermann,
_d1889-
_915126
245 1 0 _aCriminal justice and social reconstruction /
_cHermann Mannheim.
260 _aLondon :
_bK. Paul, Trench, Trubner & Co. ,
_cc1946 [Reprinted 1949,1967].
300 _ax, 290 p. ;
_c22 cm.
490 0 _aInternational library of sociology and social reconstruction
500 _a"First published 1946."
504 _aBibliography: p. 272-280. an index.
650 0 _aCriminal law.
_915127
650 0 _aCriminal justice, Administration of.
_915128
856 _uhttp://www.worldcat.org/title/criminal-justice-and-social-reconstruction/oclc/764934&referer=brief_results
942 _2ddc
_cBK
999 _c4797
_d4797